Plato / (Record no. 213972)
[ view plain ]
| 000 -LEADER | |
|---|---|
| fixed length control field | 01173nam a2200349 a 4500 |
| 001 - CONTROL NUMBER | |
| control field | vtls000210552 |
| 003 - CONTROL NUMBER IDENTIFIER | |
| control field | NLI |
| 005 - DATE AND TIME OF LATEST TRANSACTION | |
| control field | 20210602115915.0 |
| 008 - FIXED-LENGTH DATA ELEMENTS--GENERAL INFORMATION | |
| fixed length control field | 101126s1958 enk 000 0beng |
| 020 ## - INTERNATIONAL STANDARD BOOK NUMBER | |
| Terms of availability | USD 12.60 |
| 039 #9 - LEVEL OF BIBLIOGRAPHIC CONTROL AND CODING DETAIL [OBSOLETE] | |
| -- | 201011260042 |
| -- | VLOAD |
| 040 0# - CATALOGING SOURCE | |
| Original cataloging agency | NLI |
| Language of cataloging | eng |
| Transcribing agency | VERGIS-2010 |
| Description conventions | AACR2 |
| 041 1# - LANGUAGE CODE | |
| Language code of text/sound track or separate title | eng |
| Language code of original | grc |
| 044 ## - COUNTRY OF PUBLISHING/PRODUCING ENTITY CODE | |
| MARC country code | enk |
| 082 04 - DEWEY DECIMAL CLASSIFICATION NUMBER | |
| Classification number | 888.4 |
| 245 00 - TITLE STATEMENT | |
| Title | Plato / |
| Statement of responsibility, etc. | translated and edited by W. D. Woodhead |
| 260 ## - PUBLICATION, DISTRIBUTION, ETC. | |
| Place of publication, distribution, etc. | London : |
| Name of publisher, distributor, etc. | Nelson, |
| Date of publication, distribution, etc. | 1958 |
| 300 ## - PHYSICAL DESCRIPTION | |
| Extent | xxxii, 308 p. ; |
| Dimensions | 18 cm. |
| 500 ## - GENERAL NOTE | |
| General note | Library has 2 cops. |
| 650 #0 - SUBJECT ADDED ENTRY--TOPICAL TERM | |
| Topical term or geographic name entry element | Greek prose literature |
| General subdivision | History and criticism |
| 9 (RLIN) | 392167 |
| 650 #0 - SUBJECT ADDED ENTRY--TOPICAL TERM | |
| Topical term or geographic name entry element | Authors, Greek |
| General subdivision | Biography |
| -- | History and criticism |
| 9 (RLIN) | 393379 |
| 650 #0 - SUBJECT ADDED ENTRY--TOPICAL TERM | |
| Topical term or geographic name entry element | Biography as a literary form |
| 700 1# - ADDED ENTRY--PERSONAL NAME | |
| Personal name | Woodhead, W. D., |
| Relationship | trl, |
| -- | edt |
| 9 (RLIN) | 393380 |
| 887 ## - NON-MARC INFORMATION FIELD | |
| Content of non-MARC field | |
| 901 ## - LOCAL DATA ELEMENT A, LDA (RLIN) | |
| a | 325748 |
| b | 24.02.1959 |
| 901 ## - LOCAL DATA ELEMENT A, LDA (RLIN) | |
| a | 355189 |
| b | 23.06.1963 |
| 9 | c.2 |
| 902 ## - LOCAL DATA ELEMENT B, LDB (RLIN) | |
| a | E 888.4 P 697 s |
| 949 ## - LOCAL PROCESSING INFORMATION (OCLC) | |
| -- | VIRTUAITEM |
| -- | 10000 |
| -- | 100 |
| 6 | PUR000325748ENG |
| 942 ## - ADDED ENTRY ELEMENTS (KOHA) | |
| Source of classification or shelving scheme | Dewey Decimal Classification |
| Koha item type | Books |
| 949 ## - LOCAL PROCESSING INFORMATION (OCLC) | |
| -- | VIRTUAITEM |
| -- | 10000 |
| -- | 100 |
| 6 | PUR000355189ENG |
| Withdrawn status | Lost status | Damaged status | Not for loan | Collection code | Home library | Current library | Shelving location | Date acquired | Total Checkouts | Full call number | Barcode | Date last seen | Price effective from | Koha item type |
|---|---|---|---|---|---|---|---|---|---|---|---|---|---|---|
| New English | National Library of India | National Library of India | New English - Main Stack Division | E 888.4 P 697 s | PUR000325748ENG | 02/06/2021 | 02/06/2021 | Books | ||||||
| New English | National Library of India | National Library of India | New English - Main Stack Division | E 888.4 P 697 s | PUR000355189ENG | 02/06/2021 | 02/06/2021 | Books |
